000 00702nam a2200265 i 4500
001 C2-0274071
003 PPAK
005 20180728003226.0
008 060917s2002 nyua|||| ||||| | eng d
020 _a0439401402
040 _aPPAK
_beng
_cPPAK
_erda
082 0 4 _a823
_223
090 0 0 _a823
_bBUL
_dK
100 1 _aBuller, Jon,
_eauthor
245 1 0 _aGrowling grizzly
264 1 _aNew York :
_bScholastic Inc. ,
_c2002
300 _a90 pages :
_billustrations ;
_c19 cm
336 _2rdacontent
_atext
337 _2rdamedia
_aunmediated
338 _2rdacarrier
_avolume
490 1 _aThe Danger Joe Show
650 1 0 _aEnglish fiction
830 0 _aThe Danger Joe Show
942 _ddc
_cB
999 _c81889
_d81889